000 00459 a2200181 4500
003 Nust
005 20230124092750.0
010 _a 89003683
020 _a0671624474 :
040 _cNust
082 0 0 _a813,SMI
100 1 _aSmith, C. W.
_980308
245 1 0 _aBuffalo Nickel a Novel /
_cC.W. Smith.
260 _aNew York :
_bPoseidon Press,
_cc1989.
300 _a429 p. ;
_c25 cm.
650 0 _aKiowa Apache Indians
_xFiction.
_9107481
942 _2ddc
_cBK
999 _c186680
_d186680